000 00403nam a22001337a 4500
005 20240830094236.0
008 240830b |||||||| |||| 00| 0 eng d
041 _aFrench
082 _a349 JOH
100 _lFrench
245 _aJohannis Voet JCti & Antecessoirus In Academia Lugduno-Batava Commentarius and Pandectas
650 _aLegal practice
_bLaw
942 _cBK
_6ALISON_BN_VRIES
999 _c2961
_d2961